000 00862nam a22002537a 4500
005 20160405112642.0
010 _aENG-115054
020 _a9789339221638
_c799.00
020 _a933922163x
_c799.00
035 _aEN-98586
037 _bDBAD/PUB
082 _a621.815
100 _aBudynas, Richard G.
245 _aShigley's mechanical engineering design /
_cby Richard G. Budnyas [and] J. Keith Nisbett; adapted by Kiatfa Tangchaichit
250 _a10th ed
260 _aNew Delhi
_bMcGraw Hill Education
_c2016
270 _aP-24, Green Park Extension
_bNew Delhi
_e110016
300 _axxi,1082p. :
_c26cm(pbk)
_bill.
500 _aIncludes index
650 _a Machine design.
700 _aNisbett, J. Keith
700 _aShigley, Joseph Edward.
942 _2ddc
_cEN
_mBUD
_h621.815
999 _c99407
_d99407